| 000 -LEADER |
| fixed length control field |
01234 a2200253 4500 |
| 003 - CONTROL NUMBER IDENTIFIER |
| control field |
Nust |
| 005 - DATE AND TIME OF LATEST TRANSACTION |
| control field |
20220719192303.0 |
| 020 ## - INTERNATIONAL STANDARD BOOK NUMBER |
| International Standard Book Number |
83022797 |
| 020 ## - INTERNATIONAL STANDARD BOOK NUMBER |
| International Standard Book Number |
0030637465 |
| 040 ## - CATALOGING SOURCE |
| Transcribing agency |
Nust |
| 082 00 - DEWEY DECIMAL CLASSIFICATION NUMBER |
| Classification number |
001.642,PRI |
| 100 1# - MAIN ENTRY--PERSONAL NAME |
| Personal name |
Price, Wilson T. |
| 9 (RLIN) |
93927 |
| 245 10 - TITLE STATEMENT |
| Title |
Programming the IBM personal computer : |
| Remainder of title |
business basic |
| Statement of responsibility, etc. |
Wilson T. Price. |
| 260 ## - PUBLICATION, DISTRIBUTION, ETC. |
| Place of publication, distribution, etc. |
New York : |
| Name of publisher, distributor, etc. |
Holt, Rinehart, and Winston, |
| Date of publication, distribution, etc. |
c1984. |
| 300 ## - PHYSICAL DESCRIPTION |
| Extent |
xvi, 318 p. : |
| Other physical details |
ill. ; |
| Dimensions |
24 cm. |
| 440 #0 - SERIES STATEMENT/ADDED ENTRY--TITLE |
| Title |
IBM personal computer series. |
| 9 (RLIN) |
93928 |
| 505 ## - FORMATTED CONTENTS NOTE |
| Formatted contents note |
Introduction (Page-1), Preparing and Running a Program (Page-20), Modularizing a Program (Page-36), Using Data File (Page-56), Conditional Operations (Page-74), Variable Types (Page-103), Report Generation (Page-113), Group Totals (Page-141), Program Loops (Page-169), Subscripted Variables and Arrays (Page-197), Advanced String Operations (Page-219), Random File Processing (Page-242), Additional Topics (Page-268). |
| 538 ## - SYSTEM DETAILS NOTE |
| System details note |
Almirah No.1 and Shelf No.2 |
| 650 #0 - SUBJECT ADDED ENTRY--TOPICAL TERM |
| Topical term or geographic name entry element |
Business BASIC (Computer program language) |
| 9 (RLIN) |
93929 |
| 650 #0 - SUBJECT ADDED ENTRY--TOPICAL TERM |
| Topical term or geographic name entry element |
Business |
| General subdivision |
Data processing. |
| 9 (RLIN) |
3217 |
| 650 #0 - SUBJECT ADDED ENTRY--TOPICAL TERM |
| Topical term or geographic name entry element |
IBM Personal Computer |
| General subdivision |
Programming. |
| 9 (RLIN) |
36814 |
| 740 0# - ADDED ENTRY--UNCONTROLLED RELATED/ANALYTICAL TITLE |
| Uncontrolled related/analytical title |
Programming the I.B.M. personal computer. |
| 942 ## - ADDED ENTRY ELEMENTS (KOHA) |
| Source of classification or shelving scheme |
|
| Koha item type |
Book |